000 01032nam a2200265Ia 4500
003 OSt
005 20221005104824.0
006 a|||||r|||| 00| 0
007 ta
008 221004b |||||||| |||| 00| 0 hin d
020 _a817312048X (hbk)
_c495
024 _a100697
037 _b404, 22/03/2010, Swaraj Prakashan
_cTextual
040 _aCRL
_cCRL
_bhin
041 _2hin
_ahin
082 _a4.1, 152P5
100 _aझुनझुनवाला, भरत
245 0 _aअंतर्राष्ट्रीय पत्रकारिता
246 _aAantarrāṣhṭrīya patrakāritā
260 _aदिल्ली
_bश्री नटराज प्रकाशन भारत
_c2005
300 _a264पृ0
_ccm.
700 _a हंसराज ‘सुमन’, संपा.
942 _h4.1, 152P5
_cTEXL
_2cc
999 _c1013900
_d1013900